000 00341nam a2200133Ia 4500
008 210210b1999 xxu||||| |||| 00| 0 eng d
082 _a574.028 RAOL
100 _aRAO (Sudhaker M).
245 _aLaboratory exercises in biology: Vol.2
260 _aMysore
_bGeetha Book House
_c1999
300 _a60
690 _aBiology
906 _a054433
999 _c102285
_d102285